Kitāb shadhā al-ʻarf. (Record no. 49211)

MARC details
000 -LEADER
fixed length control field 00572cam a22002171 4500
001 - CONTROL NUMBER
control field ne 66001904
003 - CONTROL NUMBER IDENTIFIER
control field DLC
005 - DATE AND TIME OF LATEST TRANSACTION
control field 20260227111827.0
008 - FIXED-LENGTH DATA ELEMENTS--GENERAL INFORMATION
fixed length control field 890331s1965 xx c 000 0 ara
010 ## - LIBRARY OF CONGRESS CONTROL NUMBER
LC control number ne 66001904
035 ## - SYSTEM CONTROL NUMBER
System control number (OCoLC)23498365
040 ## - CATALOGING SOURCE
Original cataloging agency DLC
Transcribing agency MiU
Modifying agency DLC
050 00 - LIBRARY OF CONGRESS CALL NUMBER
Classification number PJ6131
Item number .H3 1965
100 1# - MAIN ENTRY--PERSONAL NAME
Personal name Ḥamalāwī, Aḥmad,
Dates associated with a name 1856 or 1857-1932.
245 10 - TITLE STATEMENT
Title Kitāb shadhā al-ʻarf.
260 ## - PUBLICATION, DISTRIBUTION, ETC.
Date of publication, distribution, etc. 1965.
300 ## - PHYSICAL DESCRIPTION
Extent 192 p.
Other physical details port.
Dimensions 21 cm.
500 ## - GENERAL NOTE
General note Romanized.
650 #0 - SUBJECT ADDED ENTRY--TOPICAL TERM
Topical term or geographic name entry element Arabic language
General subdivision Word formation.
740 0# - ADDED ENTRY--UNCONTROLLED RELATED/ANALYTICAL TITLE
Uncontrolled related/analytical title Shadhā al-ʻarf.

No items available.

Powered by Koha